000 00493nam a22001697a 4500
005 20250324163209.0
008 250324b |||||||| |||| 00| 0 eng d
020 _a9780691226231
041 _aEng.
082 _a123.5 MIT
100 _aMitchell, Kevin J.
245 _aFree Agents: How Evolution Gave Us Free Will
260 _aNew Jersey
_bPrinceton University Press
_c2023
300 _a333;. P. 23 cm
650 _aBrain-Evolution; Neurosciences; Evolutionary Psychology
942 _cBK
999 _c43371
_d43371